| 000 | 00890 a2200265 4500 | ||
|---|---|---|---|
| 001 | 47629 | ||
| 020 | _a9788516096335 | ||
| 020 | _qbroch. | ||
| 082 | _a[Fic] | ||
| 100 | _aMcDonald, Megan | ||
| 490 | _aChiclete | ||
| 546 | _aEdição em português, traduzido do inglês | ||
| 697 | _aLiteratura infanto-juvenil | ||
| 856 | _u000003/00000368.jpg | ||
| 040 |
_aBR-PaCA _bpor _cBR-PaCA _dBR-BrIDEA |
||
| 041 |
_apor _heng |
||
| 090 |
_aP Year 4 [Fic] _bMCD _aP Year 4 [Fic] _bMCD |
||
| 240 | 1 | 0 |
_aStink and the ultimate thumb-wrestling smackdown _lportuguês |
| 245 | 1 | 0 |
_aChiclete e a grande luta dos polegares _cMegan McDonald ; ilustrado por Peter H. Reynolds ; traduzido por Isa Maria Lando |
| 260 |
_aSão Paulo, SP _bSalamandra _c2014 |
||
| 300 |
_a146 p. _bil. |
||
| 700 |
_aReynolds, Peter H _eilustrador _aLando, Isa Mara. _d1947 |
||
| 830 |
_aChiclete _v6 |
||
| 942 | _cBK | ||
| 999 |
_c47629 _d47629 |
||